00278nam a2200121Ia 4500008004100000041001200041082001100053100002300064245003600087250000900123260001600132650000800148221030s9999 xx 000 0 und d aEnglish a105.23 aMonika Parihar/138 0aInformation Monitoring System a2006 aJAMMUc2006 aMCA